| 000 | 00359 a2200145 4500 | ||
|---|---|---|---|
| 999 |
_c5900 _d5900 |
||
| 020 | _a0949981176 | ||
| 050 | _aPL8745 TIN 1962 | ||
| 110 | _aEvangelical Presbyterian Church | ||
| 245 | _aTinsimu Ta Vakriste / | ||
| 264 |
_aBraamfontein _bSasavona _c1962 |
||
| 300 | _a163p. ; | ||
| 500 | _aVenda | ||
| 650 | _aVenda religion | ||
| 942 |
_2lcc _cBK _h8745 _iPL _kTIN |
||